[Event "Chigorin Memorial 27th"]
[Site "St Petersburg"]
[Date "2019.10.06"]
[Round "2"]
[White "Kundianok, Vladislav"]
[Black "Bulsoev, Alexander"]
[Result "0-1"]
[WhiteElo "2043"]
[BlackElo "1802"]
[PlyCount "104"]
[EventDate "2019.10.05"]
[EventType "swiss"]
[EventRounds "9"]
[EventCountry "RUS"]
[SourceTitle "EXT 2020"]
[Source "ChessBase"]
[SourceDate "2019.10.17"]
[SourceVersion "1"]
[SourceVersionDate "2019.10.17"]
[SourceQuality "1"]

1. e4 e5 2. Nf3 Nf6 3. Nxe5 d6 4. Nf3 Nxe4 5. Nc3 Nxc3 6. dxc3 Be7 7. Be3 Nc6 8. Qd2 Be6 9. 0-0-0 Qd7 10. h4 a6 11. Ng5 0-0-0 12. Kb1 Kb8 13. Nxe6 Qxe6 14. g3 Bf6 15. Bg2 Rhe8 16. Bd5 Qd7 17. f4 h5 18. Rhe1 Re7 19. c4 Rde8 20. Bf3 g6 21. c3 Qf5+ 22. Ka1 Na5 23. b3 Nc6 24. Bxc6 bxc6 25. Kb2 Qg4 26. Rc1 Qf3 27. Qf2 Bxc3+ 28. Rxc3 Qxf2+ 29. Bxf2 Rxe1 30. Bxe1 Rxe1 31. a3 Kb7 32. Kc2 d5 33. Rd3 Rg1 34. Kc3 Kb6 35. Kd4 dxc4 36. bxc4 Rb1 37. Ke5 Kc5 38. Kf6 Kxc4 39. Rf3 Rb6 40. Kxf7 c5 41. f5 gxf5 42. Rxf5 Rb3 43. Rf4+ Kd5 44. Rf5+ Kd4 45. Rf4+ Ke5 46. Ra4 Rb6 47. Rf4 Rb3 48. Ra4 Kd5 49. Kg6 c4 50. Ra5+ c5 51. Rxa6 Rxg3+ 52. Kf5 c3 0-1

[Event "Chigorin Memorial 26th"]
[Site "St Petersburg"]
[Date "2018.11.04"]
[Round "9"]
[White "Bulsoev, Alexander"]
[Black "Dmitriev, Vladimir"]
[Result "1-0"]
[WhiteElo "1828"]
[BlackElo "2031"]
[PlyCount "49"]
[EventDate "2018.10.27"]
[EventType "swiss"]
[EventRounds "9"]
[EventCountry "RUS"]
[SourceTitle "CBM 187 Extra"]
[Source "ChessBase"]
[SourceDate "2018.11.04"]
[SourceVersion "1"]
[SourceVersionDate "2018.11.04"]
[SourceQuality "1"]

1. e4 c6 2. d4 d5 3. Nc3 dxe4 4. Nxe4 Nf6 5. Nxf6+ gxf6 6. Nf3 Bg4 7. c3 Qc7 8. Be2 Nd7 9. Be3 e6 10. Qd2 h5 11. 0-0-0 b5 12. Bd3 a5 13. h3 Bxf3 14. gxf3 Bd6 15. Rhg1 f5 16. Qe2 f4 17. Bd2 Nb6 18. Rg7 Bf8 19. Qxe6+ fxe6 20. Rxc7 Nd5 21. Rxc6 Rb8 22. Rxe6+ Kd7 23. Rde1 Bd6 24. Rg6 Ne7 25. Rxd6+ 1-0

[Event "Chigorin Memorial 26th"]
[Site "St Petersburg"]
[Date "2018.11.01"]
[Round "6"]
[White "Petrov, Maksim1111"]
[Black "Bulsoev, Alexander"]
[Result "0-1"]
[WhiteElo "1589"]
[BlackElo "1828"]
[PlyCount "66"]
[EventDate "2018.10.27"]
[EventType "swiss"]
[EventRounds "9"]
[EventCountry "RUS"]
[SourceTitle "CBM 187 Extra"]
[Source "ChessBase"]
[SourceDate "2018.11.04"]
[SourceVersion "1"]
[SourceVersionDate "2018.11.04"]
[SourceQuality "1"]

1. d4 d5 2. c4 c6 3. Nc3 Nf6 4. Nf3 e6 5. cxd5 exd5 6. Bf4 Bd6 7. Bg3 0-0 8. e3 Bf5 9. Bd3 Bxd3 10. Qxd3 Re8 11. 0-0 Bxg3 12. hxg3 Nbd7 13. b4 a6 14. a4 Ne4 15. Rfb1 Nd6 16. Nd2 Nb6 17. b5 Nbc4 18. bxc6 bxc6 19. Nb3 a5 20. Nc5 Qe7 21. Rb3 Rab8 22. Rab1 Rxb3 23. Rxb3 f5 24. Nb1 Qf7 25. Nd2 Ne4 26. Rb7 Nxc5 27. dxc5 Qxb7 28. Nxc4 dxc4 29. Qxc4+ Kh8 30. Qd4 h6 31. Qd3 Rb8 32. Qxf5 Qb1+ 33. Qxb1 Rxb1+ 0-1

[Event "St Petersburg Korchnoi Memorial op"]
[Site "St Petersburg"]
[Date "2018.08.20"]
[Round "6"]
[White "Bulsoev, Alexander"]
[Black "Volkov, Roman"]
[Result "0-1"]
[WhiteElo "1839"]
[BlackElo "2123"]
[PlyCount "76"]
[EventDate "2018.08.15"]
[EventType "swiss"]
[EventRounds "9"]
[EventCountry "RUS"]
[SourceTitle "CBM 186 Extra"]
[Source "ChessBase"]
[SourceDate "2018.08.24"]
[SourceVersion "1"]
[SourceVersionDate "2018.08.24"]
[SourceQuality "1"]

1. e4 c5 2. Nc3 e6 3. Nf3 a6 4. d4 cxd4 5. Nxd4 b5 6. a3 Bb7 7. Be3 Qc7 8. Qd2 Nf6 9. f3 d5 10. exd5 Nxd5 11. Nxd5 Bxd5 12. Be2 Be7 13. Nf5 Bf6 14. Bf4 Qc6 15. c4 exf5 16. cxd5 Qb6 17. Be3 Qd6 18. Rc1 Nd7 19. b4 0-0 20. Bc5 Nxc5 21. bxc5 Qe5 22. Kf2 Qd4+ 23. Qxd4 Bxd4+ 24. Kg3 Rfc8 25. c6 Bb2 26. Rc2 Bxa3 27. Kf4 Bd6+ 28. Kxf5 Re8 29. Rd1 h5 30. Kg5 b4 31. Bc4 a5 32. Re2 Rxe2 33. Bxe2 a4 34. Bc4 b3 35. Rb1 Rb8 36. Kxh5 Rb4 37. Bd3 g6+ 38. Kg5 Be7+ 0-1

[Event "St Petersburg Korchnoi Memorial op"]
[Site "St Petersburg"]
[Date "2018.08.16"]
[Round "2"]
[White "Chekletsov, Ilya"]
[Black "Bulsoev, Alexander"]
[Result "1/2-1/2"]
[WhiteElo "2379"]
[BlackElo "1839"]
[PlyCount "161"]
[EventDate "2018.08.15"]
[EventType "swiss"]
[EventRounds "9"]
[EventCountry "RUS"]
[SourceTitle "CBM 186 Extra"]
[Source "ChessBase"]
[SourceDate "2018.08.24"]
[SourceVersion "1"]
[SourceVersionDate "2018.08.24"]
[SourceQuality "1"]

1. d4 d5 2. c4 c6 3. Nf3 Nf6 4. Qc2 g6 5. Bf4 Bf5 6. Qb3 Qb6 7. c5 Qxb3 8. axb3 Nbd7 9. Nc3 Bg7 10. b4 Ne4 11. e3 0-0 12. h3 f6 13. Nxe4 Bxe4 14. Nd2 g5 15. Bh2 Bg6 16. Nb3 e5 17. Kd2 a6 18. Be2 Kf7 19. h4 h6 20. Na5 Rab8 21. f4 gxf4 22. exf4 Be4 23. fxe5 fxe5 24. Rhf1+ Kg8 25. Bg4 Rfd8 26. Be6+ Kh8 27. Rf7 Nf8 28. Bh3 Bg6 29. Rxg7 Kxg7 30. Bxe5+ Kg8 31. Bxb8 Rxb8 32. Re1 Be4 33. Rf1 Kg7 34. g3 Nh7 35. Bf5 Rf8 36. Bh3 Rb8 37. Rf2 Nf6 38. Bf1 Bg6 39. Bd3 Bxd3 40. Kxd3 h5 41. Re2 Ne4 42. Rg2 Nf6 43. Rf2 Kg6 44. Rf4 Ng4 45. Rf3 Nf6 46. Re3 Ne4 47. Rf3 Nf6 48. Rf1 Ng4 49. Re1 Nf2+ 50. Kc2 Ne4 51. Rf1 Nf6 52. Rf4 Ng4 53. Rf3 Nf6 54. Kb3 Ne4 55. Ka3 Nf6 56. Re3 Ne4 57. Nc4 Rg8 58. Nd6 Nxd6 59. cxd6 Rd8 60. Re6+ Kf5 61. Re5+ Kg4 62. Rg5+ Kf3 63. Rxh5 Kxg3 64. Rh6 Kf4 65. Ka4 Ke4 66. Re6+ Kxd4 67. Ka5 Kc4 68. Kb6 Rd7 69. h5 d4 70. h6 d3 71. h7 Rxh7 72. Re7 Rh8 73. Re1 d2 74. Rg1 Kd3 75. d7 Kc2 76. Kxb7 d1Q 77. Rxd1 Kxd1 78. Kxc6 Kc2 79. b5 axb5 80. Kxb5 Kb3 81. Kc6 1/2-1/2

[Event "Chigorin Memorial 25th"]
[Site "St Petersburg"]
[Date "2017.10.24"]
[Round "4"]
[White "Golovanskikh, Dmitriy"]
[Black "Bulsoev, Alexander"]
[Result "0-1"]
[WhiteElo "1471"]
[BlackElo "1853"]
[PlyCount "58"]
[EventDate "2017.10.21"]
[EventType "swiss"]
[EventRounds "9"]
[EventCountry "RUS"]
[SourceTitle "CBM 181 Extra"]
[Source "ChessBase"]
[SourceDate "2017.12.12"]
[SourceVersion "1"]
[SourceVersionDate "2017.12.12"]
[SourceQuality "1"]

1. d4 d5 2. Nf3 c6 3. Bf4 Nf6 4. e3 Bf5 5. Bd3 Bxd3 6. cxd3 e6 7. 0-0 Be7 8. Nc3 Nbd7 9. h3 Rc8 10. Ne5 Nxe5 11. Bxe5 0-0 12. Rc1 Bd6 13. Bxd6 Qxd6 14. Qe2 Nd7 15. Rc2 c5 16. dxc5 Rxc5 17. d4 Rc6 18. Rfc1 Rfc8 19. Na4 g6 20. b3 b5 21. Nb2 Nf6 22. Nd3 Ne4 23. Ne5 Rc3 24. f3 Qc7 25. Nc4 Ng3 26. Qf2 Rxc2 27. Rxc2 bxc4 28. bxc4 Rb8 29. Rc1 dxc4 0-1